La Diversidad biológica como opción de desarrollo para Centroamérica: perspectivas para su conservación /

Salvato in:
Dettagli Bibliografici
Autore principale: Solís R, Vivienne
Altri autori: Madrigal Cordero, Patricia
Natura: testo
Tags: Aggiungi Tag
Nessun Tag, puoi essere il primo ad aggiungerne!!

MARC

LEADER 00000 a a2200000 04500
001 7402
003
040
100 |a Solís R, Vivienne  
245 |a La Diversidad biológica como opción de desarrollo para Centroamérica: perspectivas para su conservación /  |c Vivienne Solís R 
700 |a Madrigal Cordero, Patricia  
773 |g número 11; páginas 31-40  
999 |c 20895  |d 20895